Manuel de Teoría y Practica. Geografía de la isla de Santo Domingo (Record no. 7619)

MARC details
000 -LEADER
campo de control de longitud fija 00398nam a2200133Ia 4500
001 - NÚMERO DE CONTROL
campo de control 4452
008 - DATOS DE LONGITUD FIJA--INFORMACIÓN GENERAL
campo de control de longitud fija 241024s9999 xx 000 0 und d
082 ## - NÚMERO DE LA CLASIFICACIÓN DECIMAL DEWEY
Número de clasificación RD/972.07/UN58m
100 ## - ENTRADA PRINCIPAL--NOMBRE DE PERSONA
Nombre de persona Universidad Autonoma de Santo Domingo
245 #0 - MENCIÓN DEL TÍTULO
Título Manuel de Teoría y Practica. Geografía de la isla de Santo Domingo
260 ## - PUBLICACIÓN, DISTRIBUCIÓN, ETC.
Nombre del editor, distribuidor, etc. Editora Universitaria
Fecha de publicación, distribución, etc. 2013
901 ## - ELEMENTOS DE DATOS A LOCAL LDA (RLIN)
a 3/10/2016 4:00:28 p.m.

No items available.

© 2024. Todos los Derechos Reservados. Desarrollado por IDEICE